000 00453nam a2200193Ia 4500
008 210210b1910 xxu||||| |||| 00| 0 eng d
041 _aeng
082 _a425/342
100 _aWRIGHT (Joseph)
245 _aGrammar of the gothic language
260 _aLondon
_bOxford University Press
_c1910
650 _athe
650 _aof
650 _alanguage
650 _aGrammar
650 _agothic
690 _aEnglish Grammar
906 _a006118
999 _c129183
_d129183